000 00446ntaaa2200157 4500
003 01
005 20251027202649.0
008 0714s1973 ag 01
040 _aAR-BaBN
_bspa
_cAR-BaBN
_eaacr
_dRIC
082 _a392.2 M29
100 _aMallorqui Figuerola, José
_926135
245 _aCuentos de hadas de America del Norte /
_cJosé Mallorqui Figuerola
260 _aBarcelona :
_bEdit. Molino,
_cc1958
300 _a94 p. ;
_c29 cm.
942 _cBK
999 _c21823
_d21823